Premier League Top 100 players ever - Statistics

General Stats
  • This quiz has been taken 772 times
  • The average score is 64 of 100
Answer Stats
Rank Position Team Country Answer % Correct
2 FW Man U Portugal Cristiano Ronaldo
99%
5 FW Liverpool Egypt Mohamed Salah
98%
1 FW Arsenal France Thierry Henry
98%
6 MF Man City Belgium Kevin De Bruyne
96%
3 FW Man U England Wayne Rooney
96%
8 FW Spurs England Harry Kane
95%
27 FW Man City Norway Erling Haaland
94%
4 FW Newcastle England Alan Shearer
92%
10 MF Chelsea England Frank Lampard
92%
11 FW Man City Argentina Sergio Aguero
92%
30 FW Chelsea Ivory Coast Didier Drogba
91%
28 MF Spurs Wales Gareth Bale
91%
12 MF Liverpool England Steven Gerrard
91%
13 DF Liverpool Netherlands Virgil Van Dijk
91%
35 FW Spurs South Korea Heung-Min Son
90%
25 FW Liverpool Uruguay Luis Suarez
90%
19 GK Chelsea Czech Republic Petr Cech
89%
9 MF Man U Ireland Roy Keane
89%
83 MF Spurs Ireland Robbie Keane
88%
16 MF Man U Wales Ryan Giggs
88%
34 GK Liverpool Brazil Alisson
86%
32 FW Leicester England Jamie Vardy
85%
26 DF Chelsea England John Terry
85%
17 GK Man U Denmark Peter Schmeichel
85%
15 MF Man U England Paul Scholes
84%
31 MF Man City Spain David Silva
83%
70 MF Man City Portugal Bernardo Silva
81%
29 FW Chelsea Belgium Eden Hazard
81%
33 FW Man U England Andy Cole
80%
18 DF Chelsea England Ashley Cole
80%
22 DF Man U England Rio Ferdinand
80%
37 MF Man City Ivory Coast Yaya Toure
80%
7 FW Man U France Eric Cantona
79%
76 FW Spurs England Les Ferdinand
79%
72 FW Liverpool Senegal Sadio Mane
79%
23 FW Arsenal Netherlands Dennis Bergkamp
76%
39 GK Man U Netherlands Edwin van der Sar
76%
49 DF Man U Serbia Nemanja Vidic
76%
14 MF Arsenal France Patrick Vieira
76%
63 FW Arsenal Netherlands Robin van Persie
76%
21 MF Man City Spain Rodri
74%
42 DF Man City Belgium Vincent Kompany
74%
68 GK Man City Brazil Ederson
73%
20 MF Man U England David Beckham
72%
24 MF Chelsea France N'golo Kante
72%
59 MF Man City Algeria Riyadh Mahrez
72%
47 FW Liverpool Spain Fernando Torres
71%
74 GK Man U Spain David de Gea
69%
64 FW Man U Bulgaria Dimitar Berbatov
69%
71 MF Spurs Croatia Luka Modric
69%
84 FW Liverpool Brazil Roberto Firmino
66%
48 DF Man U England Gary Neville
65%
46 FW Liverpool England Michael Owen
64%
38 MF Arsenal Spain Cesc Fabregas
61%
73 GK Man City England Joe Hart
61%
51 FW Chelsea Italy Gianfranco Zola
59%
85 DF Liverpool England Jamie Carragher
57%
43 DF Liverpool England Trent Alexander-Arnold
57%
86 FW Everton Australia Tim Cahill
56%
100 FW Man U Norway Ole Gunnar Solskjaer
55%
56 FW Aston Villa Trinidad Dwight Yorke
54%
41 MF Arsenal France Robert Pires
54%
60 MF Liverpool Spain Xabi Alonso
53%
66 FW Man City Argentina Carlos Tevez
51%
45 DF Man City England Kyle Walker
51%
52 FW Man U Netherlands Ruud van Nistelrooy
51%
36 DF Arsenal England Tony Adams
51%
55 MF Man U England Michael Carrick
50%
54 DF Spurs England Sol Campbell
50%
62 FW Chelsea France Nicolas Anelka
49%
88 FW Man City England Raheem Sterling
48%
44 FW Liverpool England Robbie Fowler
48%
75 MF Chelsea France Claude Makelele
47%
53 GK Arsenal England David Seaman
47%
79 DF Man U Netherlands Jaap Stam
47%
77 MF Bolton Nigeria Jay-Jay Okocha
47%
50 FW Arsenal England Ian Wright
46%
89 DF Chelsea Portugal Ricardo Carvalho
46%
61 FW West Ham Italy Paolo di Canio
45%
96 DF Man U France Patrice Evra
45%
97 FW Stoke England Peter Crouch
45%
82 MF Arsenal Sweden Freddie Ljungberg
44%
69 FW Spurs England Jermaine Defoe
44%
67 MF Southampton England Matt Le Tissier
43%
40 DF Man U Ireland Denis Irwin
41%
94 MF Spurs Belgium Moussa Dembele
39%
58 FW Spurs England Teddy Sheringham
39%
91 FW Chelsea Netherlands Jimmy Floyd Hasselbaink
38%
80 FW Spurs Germany Jurgen Klinsman
36%
57 MF Liverpool England James Milner
35%
65 GK Blackburn USA Brad Friedel
34%
95 MF Arsenal France Emmanuel Petit
31%
92 FW Sunderland England Kevin Phillips
29%
90 MF Middlesborough Brazil Juninho
27%
93 MF Aston Villa England Gareth Barry
26%
87 FW Leicester England Emile Heskey
24%
81 MF Newcastle Wales Gary Speed
24%
99 DF Man U England Steve Bruce
22%
78 FW Spurs France David Ginola
18%
98 FW Aston Villa England Dion Dublin
18%
No matching quizzes found
Score Distribution
Percent of People with Each Score
Percentile by Number Answered
Your Score History
You have not taken this quiz